书目信息 |
| 题名: |
建设工程技术与计量
|
|
| 作者: | 贾宏俊 主编 ;袁大祥 , 王洪强 编写 ;全国造价工程师职业资格考试培训教材编审委员会 编 | |
| 分册: | 土木建筑工程 | |
| 出版信息: | 北京 中国计划出版社 2019.06 |
|
| 页数: | 446页 | |
| 开本: | 26cm | |
| 丛书名: | 2019年版全国一级造价工程师职业资格考试培训教材 | |
| 单 册: | ||
| 中图分类: | TU74 , TU723.32 | |
| 科图分类: | ||
| 主题词: | 建筑施工--jian zhu shi gong--技术--资格考试--教材 , 建筑造价--jian zhu zao jia--工程造价--工程计算--资格考试--教材 , 土木工程--tu mu gong cheng--资格考试--教材 | |
| 电子资源: | ||
| ISBN: | 978-7-5182-1007-7 | |
| 000 | 01694nam 2200349 450 | |
| 001 | 012019001005 | |
| 005 | 20201014154221.64 | |
| 010 | @a978-7-5182-1007-7@dCNY92.00 | |
| 100 | @a20190822d2019 em y0chiy50 ea | |
| 101 | 0 | @achi |
| 102 | @aCN@b110000 | |
| 105 | @aak a 000yy | |
| 200 | 1 | @a建设工程技术与计量@Ajian she gong cheng ji shu yu ji liang@i土木建筑工程@f全国造价工程师职业资格考试培训教材编审委员会@Fquan guo zao jia gong cheng shi zhi ye zi ge kao shi pei xun jiao cai bian shen wei yuan hui |
| 210 | @a北京@c中国计划出版社@d2019.06 | |
| 215 | @a446页@c图@d26cm | |
| 225 | 2 | @a2019年版全国一级造价工程师职业资格考试培训教材@A2019nian ban quan guo yi ji zao jia gong cheng shi zhi ye zi ge kao shi pei xun jiao cai |
| 314 | @a本书主编: 贾宏俊; 编写人员: 贾宏俊, 袁大祥, 王洪强, 张成中, 吴新华等 | |
| 320 | @a有书目 (第446页) | |
| 330 | @a本书共分五章, 内容包括: 工程地质、工程构造、工程材料、工程施工技术、工程计量。 | |
| 410 | 0 | @12001 @a2019年版全国一级造价工程师职业资格考试培训教材 |
| 517 | 1 | @a土木建筑工程@Atu mu jian zhu gong cheng |
| 606 | 0 | @a建筑施工@Ajian zhu shi gong@x技术@x资格考试@j教材 |
| 606 | 0 | @a建筑造价@Ajian zhu zao jia@x工程造价@x工程计算@x资格考试@j教材 |
| 606 | 0 | @a土木工程@Atu mu gong cheng@x资格考试@j教材 |
| 690 | @aTU74@v5 | |
| 690 | @aTU723.32@v5 | |
| 701 | 0 | @a贾宏俊@Ajia hong jun@4主编 |
| 702 | 0 | @a袁大祥@Ayuan da xiang@4编写 |
| 702 | 0 | @a王洪强@Awang hong qiang@4编写 |
| 712 | 02 | @a全国造价工程师职业资格考试培训教材编审委员会@Aquan guo zao jia gong cheng shi zhi ye zi ge kao shi pei xun jiao cai bian shen wei yuan hui@4编 |
| 801 | 0 | @aCN@c20190822 |
| 905 | @a河南城建学院图书馆@b21418935-36@dTU74@eJ240@f2 | |
| 建设工程技术与计量.土木建筑工程/全国造价工程师职业资格考试培训教材编审委员会.-北京:中国计划出版社,2019.06 |
| 446页:图;26cm.-(2019年版全国一级造价工程师职业资格考试培训教材) |
| ISBN 978-7-5182-1007-7:CNY92.00 |
| 本书共分五章, 内容包括: 工程地质、工程构造、工程材料、工程施工技术、工程计量。 |
| ● |
| 相关链接 |
|
|
|
正题名:建设工程技术与计量
索取号:TU74/J240
 
预约/预借
| 序号 | 登录号 | 条形码 | 馆藏地/架位号 | 状态 | 备注 |
| 1 | 1349280 | 213492807 | 管理学院资料室/ [索取号:TU74/J240] | 在馆 | |
| 2 | 1349281 | 213492816 | 管理学院资料室/ [索取号:TU74/J240] | 在馆 | |
| 3 | 1349282 | 213492825 | 管理学院资料室/ [索取号:TU74/J240] | 在馆 | |
| 4 | 1418935 | 214189359 | 建筑库201/201建筑库 107排6列5层/ [索取号:TU74/J240] | 在馆 | |
| 5 | 1418936 | 214189368 | 建筑库201/201建筑库 107排6列5层/ [索取号:TU74/J240] | 在馆 | |
| 6 | 1452684 | 214526841 | 管理学院资料室/ [索取号:TU74/J240] | 在馆 | |
| 7 | 1452685 | 214526850 | 管理学院资料室/ [索取号:TU74/J240] | 在馆 | |
| 8 | 1452686 | 214526869 | 管理学院资料室/ [索取号:TU74/J240] | 在馆 | |
| 9 | 1452687 | 214526878 | 管理学院资料室/ [索取号:TU74/J240] | 在馆 |